00795 2200277 4500001002100000005001500021035002000036007000300056008004100059020001800100082001400118084002000132100003000152245007100182250001000253300002900263650001600292650001800308700003000326700003200356264004300388336002100431337003000452338002300482990001200505INLIS00000000000011420230712021540 a0010-0723000090ta230712 0  a979-1136-99-0 a629.254 9 a629.254 9 SLA s0 aSlamet RaharjoePengarang1 aSistem Kelistrikan Mesin :bKelistrikan Otomotif /cSlamet Raharjo acet 1 a132 hlm :bilus ;c25 cm 4aKelistrikan 4aMobil - Mesin0 aHadi KaryantoePenyunting0 aSugiyanta et.aleIlustrator aKlaten :bSaka Mitra Kompetensi,c2017 2rdacontentateks 2rdamediaatanpa perantara 2rdacarrieravolume a20.0097